psychologists first names - Statistics

General Stats
  • This quiz has been taken 29 times
  • The average score is 7 of 22
Answer Stats
% Correct
Sigmund Freud
100%
Carl Yung
54%
John Watson
54%
Jean Piaget
50%
Ivan Pavlov
46%
Albert Bandura
42%
Erik Erikson
42%
Burrhus Frederic Skinner
33%
Carl Rodgers
33%
Wilhelm Wundt
33%
Abraham Maslow
29%
Mary Ainsworth
29%
Philip Zimbardo
29%
Stanley Milgrim
25%
Elizabeth Loftus
21%
John Bowlby
21%
Konrad Lorenz
21%
Solomon Asch
21%
Aaron Beck
17%
Harry Harlow
17%
Albert Ellis
4%
Lawrence Kholberg
0%
No matching quizzes found
Score Distribution
Percent of People with Each Score
Percentile by Number Answered
Your Score History
You have not taken this quiz